Die Weltanschauung der Bibel: Einzelbilder in zwangloser Folge dargestellt
| Main Author: | |
|---|---|
| Format: | Print Book |
| Language: | German |
| Subito Delivery Service: | Order now. |
| Check availability: | HBZ Gateway |
| Interlibrary Loan: | Interlibrary Loan for the Fachinformationsdienste (Specialized Information Services in Germany) |
| Published: |
Gütersloh
Bertelsmann
19XX-
|
| In: | Year: 1920 |
| Reviews: | Stosch, Johann Ernst Georg, Die Weltanschauung der Bibel (1919) (Schultzen, Friedrich, 1867 - 1938)
Stosch, Johann Ernst Georg, Die Weltanschauung der Bibel (1919) (Schultzen, Friedrich, 1867 - 1938) Stosch, Johann Ernst Georg, Die Weltanschauung der Bibel (1919) (Schultzen, Friedrich, 1867 - 1938) Stosch, Johann Ernst Georg, Die Weltanschauung der Bibel (1919) (Schultzen, Friedrich, 1867 - 1938) |
| Volumes / Articles: | Show volumes/articles. |
MARC
| LEADER | 00000cam a22000002ca4500 | ||
|---|---|---|---|
| 001 | 1152044583 | ||
| 003 | DE-627 | ||
| 005 | 20250529210851.0 | ||
| 007 | tu | ||
| 008 | 991201n19uuuuuuxx ||||| 00| ||ger c | ||
| 035 | |a (DE-627)1152044583 | ||
| 035 | |a (DE-576)082044589 | ||
| 035 | |a (DE-599)BSZ082044589 | ||
| 040 | |a DE-627 |b ger |c DE-627 |e rakwb | ||
| 041 | |a ger | ||
| 084 | |a 1 |2 ssgn | ||
| 100 | 1 | |0 (DE-588)101410162X |0 (DE-627)66696842X |0 (DE-576)178102687 |4 aut |a Stosch, Johann Ernst Georg |d 1851-1920 | |
| 109 | |a Stosch, Johann Ernst Georg 1851-1920 |a Stosch, Joh. Ernst Georg 1851-1920 |a Stosch, Georg 1851-1920 |a Stosch, G. 1851-1920 | ||
| 190 | |j 1920 | ||
| 245 | 1 | 4 | |a Die Weltanschauung der Bibel |b Einzelbilder in zwangloser Folge dargestellt |c von Georg Stosch |
| 264 | 1 | |a Gütersloh |b Bertelsmann |c 19XX- | |
| 336 | |a Text |b txt |2 rdacontent | ||
| 337 | |a ohne Hilfsmittel zu benutzen |b n |2 rdamedia | ||
| 338 | |a Band |b nc |2 rdacarrier | ||
| 500 | |a In Fraktur | ||
| 601 | |a Weltanschauung | ||
| 787 | 0 | 8 | |i Rezension |a Schultzen, Friedrich, 1867 - 1938 |t Stosch, Johann Ernst Georg, Die Weltanschauung der Bibel |d 1919 |w (DE-627)1477516077 |w (DE-576)407516077 |
| 787 | 0 | 8 | |i Rezension |a Schultzen, Friedrich, 1867 - 1938 |t Stosch, Johann Ernst Georg, Die Weltanschauung der Bibel |d 1919 |w (DE-627)147458926X |w (DE-576)40458926X |
| 787 | 0 | 8 | |i Rezensiert in |a Schultzen, Friedrich, 1867 - 1938 |t Stosch, Johann Ernst Georg, Die Weltanschauung der Bibel |d 1919 |w (DE-627)1520828160 |w (DE-576)450828166 |
| 787 | 0 | 8 | |i Rezensiert in |a Schultzen, Friedrich, 1867 - 1938 |t Stosch, Johann Ernst Georg, Die Weltanschauung der Bibel |d 1919 |w (DE-627)1520836104 |w (DE-576)45083610X |
| 935 | |a mteo | ||
| 951 | |a MC | ||
| ELC | |b 1 | ||
| ITA | |a 1 | ||
| LOK | |0 000 xxxxxcx a22 zn 4500 | ||
| LOK | |0 001 2473261857 | ||
| LOK | |0 003 DE-627 | ||
| LOK | |0 004 1152044583 | ||
| LOK | |0 005 19991201000000 | ||
| LOK | |0 008 991201||||||||||||||||ger||||||| | ||
| LOK | |0 040 |a DE-21-35 |c DE-627 |d DE-21-35 | ||
| LOK | |0 852 |a DE-21-35 | ||
| LOK | |0 852 1 |c Hd 3.39 |m p |9 00 | ||
| LOK | |0 852 2 |b Magazin |9 00 | ||
| LOK | |0 938 |k p | ||
| LOK | |0 939 |a 01-12-99 |b l01 | ||
| ORI | |a SA-MARC-ixtheoa001.raw | ||
| SPR | |a 1 |t IXT | ||